My top 10 EMINƎM songs - Statistics

General Stats
  • This quiz has been taken 24 times
    6 since last reset
  • The average score is 4 of 10
Answer Stats
Hint Answer % Correct
ƎNCORE Mockingbird
100%
RELAPSƎ Beautiful
83%
𝘛𝘩𝘦 𝘔𝘢𝘳𝘴𝘩𝘢𝘭𝘭 𝘔𝘢𝘵𝘩𝘦𝘳𝘴 𝘓𝘗 Stan
50%
Curtain Call: The Hits When I'm Gone
50%
RELAPSƎ Deja Vu
17%
ƎNCORE Like Toy Soldiers
17%
The EMINƎM Show My Dad's Gone Crazy
17%
The EMINƎM Show Sing for the Moment
17%
RECOVƎRY Space Bound
17%
The Marshall Mathers LP The Way I Am
17%
No matching quizzes found
Score Distribution
Percent of People with Each Score
Percentile by Number Answered
Your Score History
You have not taken this quiz since the last reset